Small and Medium Enterprises in Transitional Economies : (Record no. 615291)

MARC details
000 -LEADER
fixed length control field 00549nam a2200193 a 4500
008 - FIXED-LENGTH DATA ELEMENTS--GENERAL INFORMATION
fixed length control field 260221s2009##################000#0#eng##
020 ## - INTERNATIONAL STANDARD BOOK NUMBER
ISBN 9788184501667
082 04 - DEWEY DECIMAL CLASSIFICATION NUMBER
Classification number 338.6420954
Item number ANA
100 1# - MAIN ENTRY--AUTHOR NAME
Personal name Aneet, M. Aggarwal,
245 10 - TITLE STATEMENT
Title Small and Medium Enterprises in Transitional Economies :
260 ## - PUBLICATION, DISTRIBUTION, ETC. (IMPRINT)
Name of publisher Deep and Deep Publications,
Year of publication 2009.
300 ## - PHYSICAL DESCRIPTION
Number of Pages 632 pages
650 #0 - SUBJECT ADDED ENTRY--TOPICAL TERM
Topical Term Small business.
942 ## - ADDED ENTRY ELEMENTS (KOHA)
Koha item type English Books
Holdings
Withdrawn status Lost status Damaged status Not for loan Home library Current library Shelving location Date acquired Full call number Accession Number Price effective from Koha item type
        Anna Centenary Library Anna Centenary Library 4TH FLOOR, A WING 21.02.2026 338.6420954 ANA 327988 21.02.2026 English Books

Find us on the map